Transfery Stali Mielec w letnim okienku transferowym 2021/22. - Statystyki

Ogólne statystyki
  • Ten quiz został rozwiązany 49 razy
  • Średni wynik to 5 z 10
Statystyki odpowiedzi
Cena Pozycja Narodowość Poprzedni Klub Piłkarz % Poprawnych
Wypożyczenie Środkowy napastnik Polska Śląsk Wrocław Piasecki
90%
Wypożyczenie Ofensywny pomocnik Japonia Zagłębie Lubin Hinokio
88%
Wypożyczenie Prawy napastnik Polska Podbeskidzie Bielsko-Biała Sitek
80%
? Lewy pomocnik Polska Stal Rzeszów Kłos
50%
Za darmo Ofensywny pomocnik Polska Cracovia Budziński
45%
Za darmo Prawy napastnik Polska Jagiellonia Białystok Wrzesiński
40%
Wypożyczenie Środkowy napastnik Polska Wisła Płock Szczutowski
30%
Za darmo Środkowy pomocnik Polska Stal Rzeszów Galara
28%
Za darmo Środkowy pomocnik Polska Odra Opole Kort
28%
Wypożyczenie Prawy napastnik Polska Jagiellonia Białystok Wyjadłowski
18%
Nie znaleziono quizów pasujących do podanych kryteriów
Rozkład punktacji
Procent ludzi z każdym wynikiem
Percentyl według liczby udzielonych odpowiedzi
Twoja historia wyników
Nie rozwiązałeś tego quizu